Statistics for Five Biggest Cities by Continent by Letter - Z

Click here to take the quiz!

General Stats

  • This quiz has been taken 142 times
    (138 since last reset)
  • The average score is 6 of 25

Answer Stats

PopulationCountryCity% Correct
403,000SwitzerlandZürich
92%
688,000CroatiaZagreb
91%
661,000SpainZaragoza
75%
501,000TanzaniaZanzibar
61%
3,677,000ChinaZhengzhou
55%
2,261,000ChinaZibo
39%
750,000UkraineZaporozhye
27%
134,000MexicoZacatecas
19%
1,203,000MexicoZapopan
19%
695,000NigeriaZaria
19%
236,000NigerZinder
16%
1,370,000ChinaZhuhai
15%
2,741,000ChinaZhongshan
15%
267,000UkraineZhytomyr
11%
149,000MexicoZamora de Hidalgo
10%
1,039,000ChinaZhanjiang
9%
303,000EgyptZagazig
9%
234,000LibyaZawiya
7%
70,000MexicoZi{huatanejo}
7%
85,000MexicoZi{tácuaro}
6%
111,000ColombiaZipaquirá
4%
107,000ArgentinaZárate
4%
35,000ArgentinaZa{pala}
4%
56,000VenezuelaZa{raza}
3%
33,000ColombiaZa{rzal}
3%

Score Distribution

Percentile by Number Answered

Percent of People with Each Score

Your Score History

You have not taken this quiz since the last reset